000
00300nam a22001337a 4500
008
170804b xxu||||| |||| 00| 0 eng d
020
_a
9780735619814
041
_a
eng
080
_a
004
100
_a
33
101
_a
SHK
245
_a
WINDOWS SCRIPTING LEARNING GUIDE
_c
WILSON,E
942
_2
udc
_c
BK
999
_c
22668
_d
22668